Mookajjiya Kanasugalu (Record no. 137365)

000 -LEADER
fixed length control field 00290nam a2200109Ia 4500
008 - FIXED-LENGTH DATA ELEMENTS--GENERAL INFORMATION
fixed length control field 220120s9999||||xx |||||||||||||| ||und||
100 ## - MAIN ENTRY--PERSONAL NAME
Personal name Karantha, Sivarama
9 (RLIN) 3673
245 #0 - TITLE STATEMENT
Title Mookajjiya Kanasugalu
260 ## - PUBLICATION, DISTRIBUTION, ETC.
Place of publication, distribution, etc. Sapna book house
Name of publisher, distributor, etc. New Delhi
300 ## - PHYSICAL DESCRIPTION
Extent 940p.
Other physical details 500
650 ## - SUBJECT ADDED ENTRY--TOPICAL TERM
Topical term or geographic name entry element GENERAL BOOKS
Holdings
Withdrawn status Lost status Damaged status Not for loan Collection code Home library Current library Date acquired Total Checkouts Total Renewals Full call number Barcode Date last seen Date last checked out Price effective from Koha item type
        Humanity Science Central Library Central Library 01/20/2022 3 2 894.8143 KAR GF1224 07/22/2023 06/15/2023 01/20/2022 Gift Books

Powered by Koha